|
|
|
|
| LEADER |
00872nam a2200277 a 4500 |
| 001 |
AAL 5966 |
| 003 |
BD-DhAAL |
| 005 |
20160209173850.0 |
| 008 |
150205s1994 nyua b 001 0 eng |
| 010 |
|
|
|a 92047402
|
| 020 |
|
|
|a 0393964310
|
| 040 |
|
|
|a DLC
|c DLC
|d DLC
|d BD-DhAAL
|
| 050 |
0 |
0 |
|a HB172
|b .M348 1994
|
| 082 |
0 |
0 |
|a 338.5
|2 20
|
| 999 |
|
|
|c 33584
|d 33584
|
| 999 |
|
|
|c 33584
|
| 100 |
1 |
|
|a Mansfield, Edwin.
|9 7960
|
| 245 |
1 |
0 |
|a Applied microeconomics /
|c Edwin Mansfield.
|
| 250 |
|
|
|a 1st ed.
|
| 260 |
|
|
|a New York:
|b W.W. Norton,
|c c1994.
|
| 300 |
|
|
|a xxi, 684, 64 p. :
|b ill. ;
|c 25 cm.
|
| 504 |
|
|
|a Includes bibliographical references and index.
|
| 541 |
|
|
|e 5966
|
| 650 |
|
0 |
|a Microeconomics.
|9 6312
|
| 942 |
|
|
|2 ddc
|c BK
|
| 952 |
|
|
|0 0
|1 0
|2 ddc
|4 0
|6 338_500000000000000_MAN
|7 0
|9 52465
|a SCL
|b SCL
|c GEN
|d 2015-02-05
|l 0
|o 338.5 MAN
|p 3020005966
|r 2015-02-05
|t 1
|w 2015-02-05
|y BK
|